000 00426nam a2200157Ia 4500
008 160316s1999 xxu||||| |||| 00| 0 eng d
082 _a362.000000
_bBAR
100 _aC Barrett
245 _aConsultative paper on children living with HIV/AIDS
250 _a
260 _a
_bSouth African Law Commission
_c1999
300 _a59
_b
_c
365 _b
650 _aHIV/AIDS, pandemic, epidemic
700 _aN McKerrow
_aA Strode
999 _c24270
_d24270